000
00335nam a22001457a 4500
008
210527b ||||| |||| 00| 0 eng d
020
_a
0721627870
041
_a
eng
080
_a
616.12
082
_a
616.12
100
_a
7
101
_a
KARDIO
245
_a
Heart and Heart-Lung Transplantation
_c
John Wallwork
942
_2
udc
_c
BK
999
_c
57735
_d
57735